000 00429nam a2200145Ia 4500
003 OSt
005 20260129122918.0
008 211028s2018 xx 000 0 und d
040 _cAIMIT LIBRARY
041 _aeng
100 _aBengre, Muzammil; Dhananjaya K.
_g1616112
_97867
245 _aPerceptual mapping towards attitudinal buying behavior- an exploration /
260 _aMangalore
_bDhananjaya K.
_c2018
942 _2ddc
_cPRO
999 _c219435
_d219435